banner-ar

السجاد التركمانى / (Record no. 64620)

MARC details
000 -الفاتح
حقل البيانات ثابتة الطول 00969nam a22002657a 4500
005 - وقت وتاريخ اخر تعامل مع التسجيلة
رقم الضبط 20240530110741.0
008 - عناصر البيانات ثابتة الطول - معلومات عامة
حقل البيانات ثابتة الطول 180925s2017 ua afhkg b 000 0 ara d
017 ## - رقم الايداع القانونى
رقم الايداع القانونى 2016/10051
المصدر ( الهيئة المختصة) مصر. دار الكتب
020 ## - الرقم الدولى المعيارى للكتب
الرقم الدولى المعيارى للكتاب 9789777354721
040 ## - مصدر الفهرسة
وكالة الفهرسة الأصلية EG-CaGPL
وكالة النسخ EG-CaGPL
082 04 - رقم تصنيف ديوى العشرى
رقم الطبعة 21
رقم التصنيف 746.79 /
رقم المادة ح س
100 0# - المدخل الرئيسى - إسم شخصى
الإسم الشخصى حسن محمد نور عبدالنور
245 12 - بيان العنوان
العنوان السجاد التركمانى /
بيان المسئوليه,etc حسن محمد نور عبدالنور
250 ## - بيان الطبعة
بيان الطبعة ط.1
260 ## - PUBLICATION, DISTRIBUTION, ETC. (IMPRINT)
تاريخ النشر أو التوزيع 2017.
300 ## - الوصف المادى
التعداد 420 ص. :
تفاصيل ماديه اخرى للوعاء ايض ؛
أبعاد الوعاء 24 سم.
490 0# - بيان السلسلة
عنوان السلسلة اثار.
504 ## - تبصرة ببليوجرافية
تبصرة ببليوجرافية,الخ يشتمل على ارجاعات ببليوجرافية
650 07 - المدخل الاضافى بالموضوع-مصطلح موضوعى
مصدر الرأس أو المصطلح qrmak
مصطلح موضوعي السجاجيد
650 07 - المدخل الاضافى بالموضوع-مصطلح موضوعى
مصدر الرأس أو المصطلح qrmak
مصطلح موضوعي السجاجيد الايرانية
650 07 - المدخل الاضافى بالموضوع-مصطلح موضوعى
مصدر الرأس أو المصطلح qrmak
مصطلح موضوعي السجاجيد اليدوية
651 ## - المدخل الاضافى بالموضوع - اسم جغرافى
مصدر الرأس أو المصطلح qrmak
942 ## - عناصر المدخل الإضافي( كوها)
مصدر التصنيف او مخطط الترفيف Dewey Decimal Classification
Koha [default] item type كتاب
260 ## - PUBLICATION, DISTRIBUTION, ETC. (IMPRINT)
-- الاسكندرية :
-- دار الوفاء لدنيا الطباعة و النشر ،
Holdings
حالة التراجع حالة الفقد حالة تلف ليس للاعارة المكان المؤقت الموقع الحالى موقع الترفيف تاريخ الاكتساب اجمالي اﻻعارات رقم الطلب الباركود تاريخ اخر مشاهدة تاريخ تفعيل السعر نوع وعاء كوها
        مكتبة القاهرة الكبرى مكتبة القاهرة الكبرى القاعة الرئيسية 09/25/2018   746.79 / ح س 165067 09/25/2018 09/25/2018 كتاب

Powered By

EGPV